Surak, Kristin. The golden passport: Global mobility for millionaires (Record no. 527461)
[ view plain ]
| 000 -LEADER | |
|---|---|
| fixed length control field | 00674nam a22001457a 4500 |
| 008 - FIXED-LENGTH DATA ELEMENTS--GENERAL INFORMATION | |
| fixed length control field | 240830b ||||| |||| 00| 0 eng d |
| 100 ## - MAIN ENTRY--PERSONAL NAME | |
| Personal name | Langenmayr, Dominika |
| 245 ## - TITLE STATEMENT | |
| Title | Surak, Kristin. The golden passport: Global mobility for millionaires |
| 260 ## - PUBLICATION, DISTRIBUTION, ETC. (IMPRINT) | |
| Place of publication, distribution, etc | Journal of Economic Literature |
| 300 ## - PHYSICAL DESCRIPTION | |
| Extent | 62(2), Jun, 2024: p.814-816 |
| 520 ## - SUMMARY, ETC. | |
| Summary, etc | Langenmayr, Dominika. 2024. "Surak, Kristin. The Golden Passport: Global Mobility for Millionaires." Journal of Economic Literature, 62 (2): 814–16.- Reproduced https://www.aeaweb.org/articles?id=10.1257/jel.62.2.807.r5 |
| 773 ## - HOST ITEM ENTRY | |
| Main entry heading | Journal of Economic Literature |
| 906 ## - LOCAL DATA ELEMENT F, LDF (RLIN) | |
| Subject DIP | BOOK REVIEW |
| 942 ## - ADDED ENTRY ELEMENTS (KOHA) | |
| Item type | Articles |
| Withdrawn status | Lost status | Source of classification or shelving scheme | Damaged status | Not for loan | Permanent location | Current location | Date acquired | Serial Enumeration / chronology | Barcode | Date last seen | Koha item type |
|---|---|---|---|---|---|---|---|---|---|---|---|
| Indian Institute of Public Administration | Indian Institute of Public Administration | 2024-08-30 | 62(2), Jun, 2024: p.814-816 | AR132902 | 2024-08-30 | Articles |
